Growth and survival of swordtail (Xiphophorous helleri) reared in fish cage and in tanks / (Record no. 9943)
[ view plain ]
| 000 -LEADER | |
|---|---|
| fixed length control field | 03604nam a22003257i 4500 |
| 003 - CONTROL NUMBER IDENTIFIER | |
| control field | URS |
| 005 - DATE AND TIME OF LATEST TRANSACTION | |
| control field | 20220117090804.0 |
| 008 - FIXED-LENGTH DATA ELEMENTS--GENERAL INFORMATION | |
| fixed length control field | 180502b xxu||||| |||| 00| 0 eng d |
| 041 ## - LANGUAGE CODE | |
| Language code of text/sound track or separate title | eng |
| 043 ## - GEOGRAPHIC AREA CODE | |
| Geographic area code | a-ph--- |
| 050 10 - LIBRARY OF CONGRESS CALL NUMBER | |
| Classification number | QL 959 |
| Item number | D387 2005 |
| 245 00 - TITLE STATEMENT | |
| Title | Growth and survival of swordtail (Xiphophorous helleri) reared in fish cage and in tanks / |
| Statement of responsibility, etc. | Joyce Marie pages Del Remedio ... [and others] |
| 264 #1 - PRODUCTION, PUBLICATION, DISTRIBUTION, MANUFACTURE, AND COPYRIGHT NOTICE | |
| Date of production, publication, distribution, manufacture, or copyright notice | October 2005 |
| 300 ## - PHYSICAL DESCRIPTION | |
| Extent | xv, 79 leaves : |
| Other physical details | illustrations ; |
| Dimensions | 28.5 cm |
| 336 ## - CONTENT TYPE | |
| Source | rdacontent |
| Content type term | text |
| 336 ## - CONTENT TYPE | |
| Source | rdacontent |
| Content type term | still image |
| 337 ## - MEDIA TYPE | |
| Source | rdamedia |
| Media type term | unmediated |
| 338 ## - CARRIER TYPE | |
| Source | rdacarrier |
| Carrier type term | volume |
| 500 ## - GENERAL NOTE | |
| General note | Experimental Research Methodology |
| 502 ## - DISSERTATION NOTE | |
| Dissertation note | Thesis |
| Degree type | BSF |
| Name of granting institution | University of Rizal System. Cardona |
| Year degree granted | 2005 |
| 520 ## - SUMMARY, ETC. | |
| Summary, etc. | The study was conducted to determine the effects of cage and tank culture on the growth and survival of Xiphophorous helleri at 1% level of probability. Two treatments with three replicates were utilized. Treatment 1 Xiphophorous helleri was cultured in fish cage in Laguna de Bay and treatment 2 was cultured in tank. Feeding of treatment I and II was done twice a day, every 9:00 am and 4:00 pm. Two-group design was utilized as the experimental design of the study and t-test as the statistical treatment in determining its significant difference. The experiment started on the 5th day of August 2005 and was terminated last September 05 2005 with the duration of 30 days culture. Data was gathered through sampling every 15 days of interval to constantly monitor the length and weight increment of the swordtail. Based on the experiment, Treatment I gave the best result since Xiphophorous helleri attained a length increment of 4.6 cm and 3 grams of weight increment while treatment II the Xiphophorous helleri reached only 2.7 cm leght increment and 1.44 grams of weight increment. Based on the result using Chi-Square, the computed x² value is 0.2 is less than the tabular value of 3.841. Thus the null hypothesis is accepted proving that there is no significant difference on the survival of Xiphophorous helleri cultured in fish cage and in tanks. Based on the result using T-test the computed t-value is 2.76 in terms of length and 3.25 terms of weight are less than the tabular value of 9.925. Thus the null hypothesis is accepted proving that there is no significant difference on the survival of Xiphophorous helleri cultured in the fish cage and in tanks. Based on the result of the study, there are factors directly affecting the growth and survival of the species cultured. Weather condition and their natural environment are among the factors that may cause great mortality on the fish. In terms of appearance Xiphophorous helleri cultured in fish cage and in tanks are almost the same although the one cultured in fish cage is longer and heavier than those cultured in tanks. Therefore, culturing of the aquarium fish like Xiphophorous helleri using cage in Laguna de Bay are viable on this study provided that weather condition shall take into account. |
| 524 ## - PREFERRED CITATION OF DESCRIBED MATERIALS NOTE | |
| Preferred citation of described materials note | Del Remedio, J. pages and others (2005). Growth and survival of swordtail (Xiphophorous helleri) reared in fish cage and in tanks. Cardona: University of Rizal System. |
| 650 #0 - SUBJECT ADDED ENTRY--TOPICAL TERM | |
| Topical term or geographic name entry element | Xiphophorus helleri. |
| 700 1# - ADDED ENTRY--PERSONAL NAME | |
| Personal name | Del Remedio, Joyce Marie P. |
| Relator term | author |
| 700 1# - ADDED ENTRY--PERSONAL NAME | |
| Personal name | San Felipe, Jennie Claire C. |
| Relator term | author |
| 700 1# - ADDED ENTRY--PERSONAL NAME | |
| Personal name | Calambuhay, Baltazar |
| Relator term | author |
| 700 1# - ADDED ENTRY--PERSONAL NAME | |
| Personal name | Isabelo, Lorelle Ann A. |
| Relator term | author |
| 700 1# - ADDED ENTRY--PERSONAL NAME | |
| Personal name | Peñada, Jonathan R. |
| Relator term | degree supervisor |
| 942 ## - ADDED ENTRY ELEMENTS (KOHA) | |
| Source of classification or shelving scheme | Library of Congress Classification |
| Koha item type | Theses and dissertations |
| Withdrawn status | Source of classification or shelving scheme | Damaged status | Not for loan | Collection code | Home library | Current library | Shelving location | Date acquired | Total Checkouts | Full call number | Barcode | Date last seen | Copy number | Price effective from | Koha item type |
|---|---|---|---|---|---|---|---|---|---|---|---|---|---|---|---|
| Library of Congress Classification | Non-fiction | Cardona College LIbrary | Cardona College LIbrary | General Stacks | 05/02/2018 | QL 959 D387 2005 | URSCAR-UGT114 | 05/02/2018 | 1 | 05/02/2018 | Theses and dissertations | ||||
| Library of Congress Classification | Non-fiction | Cardona College LIbrary | Cardona College LIbrary | General Stacks | 05/02/2018 | QL 959 D387 2005 | URSCAR-UGT115 | 05/02/2018 | 2 | 05/02/2018 | Theses and dissertations | ||||
| Library of Congress Classification | Non-fiction | Cardona College LIbrary | Cardona College LIbrary | General Stacks | 05/02/2018 | QL 959 D387 2005 | URSCAR-UGT116 | 05/02/2018 | 3 | 05/02/2018 | Theses and dissertations |